Yaqui myths and legends.

שמור ב:
מידע ביבליוגרפי
מחבר ראשי: Giddings, Ruth Warner
פורמט: ספר
שפה:English
יצא לאור: Tucson, University of Arizona Press [196-]
נושאים:
LEADER 01015nam a2200241 4500
001 c000127160
003 CARM
005 00000000000000.0
008 690507q19601969azua b 00010 eng
019 1 |a 77663  |z 23311727  |5 LACONCORD2021 
035 |a (OCoLC)7111  |5 LACONCORD2021 
050 0 0 |a E99.Y3  |b G5 
100 1 |a Giddings, Ruth Warner. 
245 1 |a Yaqui myths and legends.  |c Collected by Ruth Warner Giddings. Harry Behn, editor. Illustrated by Laurie Cook. 
260 |a Tucson,  |b University of Arizona Press  |c [196-] 
300 |a 180 p.  |b illus.  |c 20 cm. 
500 |a "Originally issued as Anthropological paper, no. 2, University of Arizona, Tucson, 1959." 
504 |a Bibliography: p. 177-180. 
650 0 |a Yaqui Indians  |x Folklore. 
650 0 |a Yaqui Indians  |x Religion 
852 8 |b CARM  |h A2:AF32A0  |i B01470  |p 0068382  |f BK 
999 f f |i bfdd7aef-6779-5ec6-91bc-6e37b38e9281  |s 2fed5fc1-6ca7-5a8f-8750-71b2fe1c7792 
952 f f |p Can circulate  |a CAVAL  |b CAVAL  |c CAVAL  |d CARM 1 Store  |e B01470  |f A2:AF32A0  |h Other scheme  |i book  |m 0068382